| 000 | 01132cam a2200205 4500 | ||
|---|---|---|---|
| 001 | WB4031-03 | ||
| 008 | 040810n2004 000 0 eng u | ||
| 035 | _a(Sirsi) u127041 | ||
| 245 | _aEuropean investment | ||
| 260 | _c2004 | ||
| 490 |
_aEuroproperty _v8 August 2004 (1) |
||
| 520 | _aAccording to the latest "European capital markets bulletin" from Jones Lang LaSalle, European investment volumes look set to reach an all-time high this year. They reached Ł41.3bn in the first half of 2004 and predictions are that the total will reach Ł89bn by the end of the year. The volume of cross-border investment in the first half of 2004 was Ł15bn. The UK has been the main loser in core markets and its share of cross-border investment fell from 39.3% in 2003 to 30% in the first half of 2004. The report can be viewed, after registering, at: http://www.research.joneslanglasalle.com/?Language ID=1&CountryID=76&ParentCountry=4&CountryLeveL=1. | ||
| 590 | _aWB | ||
| 590 | _aWB | ||
| 650 | _aEUROPE | ||
| 650 | _aINVESTMENT MARKET | ||
| 650 | _aPROPERTY INDEX | ||
| 690 | _aCOMMERCIAL PROPERTY-INVESTMENT | ||
| 942 | _n0 | ||
| 999 |
_c117832 _d117832 |
||